| 000 | 00921nam a22003017a 4500 | ||
|---|---|---|---|
| 001 | BR2900033 | ||
| 003 | BR-BrBNA | ||
| 005 | 20230928082839.0 | ||
| 007 | ta | ||
| 008 | 230509b bl.||||| |||| 00| 0 por d | ||
| 040 |
_aBR-BrBNA _bpor _cBiblioteca Nacional de Agricultura |
||
| 041 | _a(Por) | ||
| 072 |
_aQ10; S10 _b3735 _b/G514 |
||
| 090 | _ 3735 BR2900033 | ||
| 100 | 1 | _aAndrade, A. de | |
| 110 | 1 | _aMinisterio da Agricultura, Industria e Commercio, Rio de Janeiro, GB (Brasil). Servico de Informacoes | |
| 245 | 1 | _aO sal industrialmente puro retirado directamente das salinas. Estudos e experiencias [Brasil] | |
| 260 | 3 |
_aRio de Janeiro, GB (Brasil): _c1929. |
|
| 300 | _a70 p. | ||
| 500 | _a15 illus. | ||
| 650 | _aSAL | ||
| 650 | _aSALINA | ||
| 650 | _aINDUSTRIA ALIMENTICIA | ||
| 650 | _aCOMPOSICAO QUIMICA | ||
| 650 | _aANALISE QUIMICA | ||
| 909 |
_a202309 _bLucia _c55 _dLucia Elande |
||
| 942 | _cBK | ||
| 999 |
_c10247 _d10247 |
||